[Event "Cambridge op 3rd"]
[Site "Cambridge"]
[Date "2025.05.29"]
[Round "6"]
[White "Liu, Jacob"]
[Black "Schroer, Marcel"]
[Result "1/2-1/2"]
[WhiteElo "1825"]
[BlackElo "2105"]
[PlyCount "70"]
[EventDate "2025.05.26"]
[EventType "tourn"]
[EventRounds "9"]
[EventCountry "ENG"]
[SourceTitle "CB23_2025"]
[SourceDate "2025.06.04"]
[SourceVersion "1"]
[SourceVersionDate "2025.06.04"]
[SourceQuality "1"]

1. e4 c6 2. d4 d5 3. Nc3 dxe4 4. Nxe4 Nf6 5. Nxf6+ exf6 6. c3 Bd6 7. Bd3 0-0 8. Be3 Re8 9. Qc2 h5 10. Ne2 Nd7 11. 0-0-0 Nf8 12. h3 Be6 13. Kb1 b5 14. g4 h4 15. Rhg1 Bh2 16. Rg2 Bxa2+ 17. Ka1 Bc7 18. g5 Qd5 19. gxf6 Qxg2 20. Rg1 Qxg1+ 21. Nxg1 Bd5 22. fxg7 Kxg7 23. Qd2 Ng6 24. f4 Nxf4 25. Bxf4 Bxf4 26. Qxf4 Re1+ 27. Bb1 Rxg1 28. Qxh4 Rh8 29. Qf2 Rg2 30. Qf5 Rh6 31. Qe5+ Kf8 32. Qb8+ Kg7 33. Qe5+ Kf8 34. Qb8+ Kg7 35. Qe5+ Rf6 1/2-1/2

[Event "British Rapidplay"]
[Site "Peterborough"]
[Date "2025.03.02"]
[Round "11"]
[White "McLachlan, Matthew"]
[Black "Liu, Jacob"]
[Result "1-0"]
[WhiteElo "1927"]
[BlackElo "1779"]
[PlyCount "89"]
[EventDate "2025.03.01"]
[EventType "swiss (rapid)"]
[EventRounds "11"]
[EventCountry "ENG"]
[SourceTitle "CB10_2025"]
[SourceDate "2025.03.05"]
[SourceVersion "1"]
[SourceVersionDate "2025.03.05"]
[SourceQuality "1"]

1. d4 d5 2. c4 c6 3. Nc3 Nf6 4. Nf3 e6 5. Bg5 h6 6. Bh4 Nbd7 7. e3 Be7 8. Be2 dxc4 9. Bxc4 b5 10. Be2 a6 11. 0-0 c5 12. Qc2 Bb7 13. Rac1 0-0 14. Rfd1 Qb6 15. a3 Rac8 16. Qb1 Rfd8 17. Qa2 Nf8 18. dxc5 Bxc5 19. a4 b4 20. a5 Qc6 21. Na4 Rxd1+ 22. Rxd1 Ba7 23. Bg3 Ng6 24. Ne1 Qe8 25. Nb6 Rd8 26. Nd3 Nd5 27. Nc5 Nxb6 28. Rxd8 Qxd8 29. Nxb7 Qd5 30. axb6 Qxa2 31. bxa7 Qxb2 32. a8Q+ Kh7 33. Qxa6 b3 34. h4 Qc1+ 35. Kh2 b2 36. Bd3 b1Q 37. Bxb1 Qxb1 38. Nd6 Qb4 39. Qc4 Qb6 40. Qe4 Kg8 41. Qb7 Qxb7 42. Nxb7 f5 43. Nd8 Nf8 44. Bd6 h5 45. Bxf8 1-0

[Event "British Rapidplay"]
[Site "Peterborough"]
[Date "2025.03.01"]
[Round "6"]
[White "Keshari, Krish"]
[Black "Liu, Jacob"]
[Result "1-0"]
[WhiteElo "1669"]
[BlackElo "1779"]
[PlyCount "105"]
[EventDate "2025.03.01"]
[EventType "swiss (rapid)"]
[EventRounds "11"]
[EventCountry "ENG"]
[SourceTitle "CB10_2025"]
[SourceDate "2025.03.05"]
[SourceVersion "1"]
[SourceVersionDate "2025.03.05"]
[SourceQuality "1"]

1. e4 e6 2. d4 d5 3. exd5 exd5 4. Bd3 Bd6 5. Nf3 Ne7 6. c3 0-0 7. 0-0 Bf5 8. Qc2 Bxd3 9. Qxd3 Nd7 10. Nbd2 Nf6 11. Re1 Ng6 12. a4 Re8 13. Rxe8+ Qxe8 14. Nf1 Qd7 15. Ng3 Re8 16. Bd2 Ne4 17. Qc2 h6 18. Re1 Nxd2 19. Rxe8+ Qxe8 20. Nxd2 Qe1+ 21. Ndf1 c5 22. dxc5 Bxc5 23. Qe2 Qxe2 24. Nxe2 Ne5 25. b4 Bb6 26. a5 Bd8 27. Ne3 b6 28. axb6 Bxb6 29. Nxd5 Bd8 30. Nd4 a5 31. bxa5 Bxa5 32. Kf1 Kf8 33. Ke2 g6 34. f4 Nc4 35. Nc6 Nb6 36. Nxb6 Bxb6 37. Nd4 Ke7 38. Kd3 Kd6 39. Nf3 Ke6 40. Nd4+ Kd6 41. Kc4 Kd7 42. Kd5 Bc7 43. g3 Ba5 44. c4 Be1 45. c5 Bf2 46. c6+ Kc8 47. Nb5 f5 48. Kd6 Bg1 49. c7 g5 50. Kc6 Bc5 51. Kxc5 Kb7 52. Kd6 Kc8 53. Kc6 1-0

[Event "British Rapidplay"]
[Site "Peterborough"]
[Date "2025.03.01"]
[Round "1"]
[White "Liu, Jacob"]
[Black "Slaby, Jerzy"]
[Result "0-1"]
[WhiteElo "1779"]
[BlackElo "2464"]
[PlyCount "105"]
[EventDate "2025.03.01"]
[EventType "swiss (rapid)"]
[EventRounds "11"]
[EventCountry "ENG"]
[SourceTitle "CB10_2025"]
[SourceDate "2025.03.05"]
[SourceVersion "1"]
[SourceVersionDate "2025.03.05"]
[SourceQuality "1"]

1. e4 c6 2. d4 d5 3. Nc3 a6 4. Bf4 b5 5. a3 e6 6. Nf3 Nf6 7. Bg5 Be7 8. e5 Nfd7 9. Bxe7 Qxe7 10. Bd3 c5 11. dxc5 Nc6 12. Qe2 Qxc5 13. 0-0-0 b4 14. axb4 Nxb4 15. Ng5 Rb8 16. f4 Qa5 17. Kb1 Nc5 18. Bxh7 Na4 19. Nxa4 Qxa4 20. b3 Qa2+ 21. Kc1 Qa1+ 22. Kd2 Qd4+ 23. Ke1 Qxf4 24. h4 Bd7 25. c4 Bc6 26. Rh3 d4 27. g3 Qe3 28. Qxe3 dxe3 29. Be4 Ke7 30. Bxc6 Nxc6 31. Ke2 Nxe5 32. Kxe3 Rxb3+ 33. Kf2 Rc8 34. Rhh1 Ng4+ 35. Ke2 Rxc4 36. Rhf1 f6 37. Nf3 Re4+ 38. Kd2 Ne3 39. Rfe1 Nxd1 40. Rxe4 Rxf3 41. Kxd1 Rxg3 42. Ra4 Rh3 43. Ke2 Kf7 44. Kf2 e5 45. Kg2 Rd3 46. Rxa6 Kg6 47. Ra7 Kh6 48. h5 Rd4 49. Kg3 Rf4 50. Rf7 Rf5 51. Rf8 Rg5+ 52. Kf3 Kxh5 53. Ke4 0-1

[Event "Berks & Bucks Challengers op"]
[Site "Maidenhead"]
[Date "2024.08.26"]
[Round "6"]
[White "Liu, Jacob"]
[Black "Miller, Craig1"]
[Result "1-0"]
[WhiteElo "1794"]
[BlackElo "1611"]
[PlyCount "97"]
[EventDate "2024.08.24"]
[EventType "swiss"]
[EventRounds "6"]
[EventCountry "ENG"]
[SourceTitle "CBM 221 Extra"]
[Source "ChessBase"]
[SourceDate "2024.09.30"]
[SourceVersion "1"]
[SourceVersionDate "2024.09.30"]
[SourceQuality "1"]

1. e4 d6 2. d4 Nf6 3. Nc3 c6 4. Bc4 b5 5. Bd3 g6 6. Bg5 Bg7 7. Qf3 b4 8. Nce2 Qa5 9. Bd2 Bb7 10. Nh3 c5 11. d5 Nbd7 12. Qe3 Ne5 13. f3 c4 14. a3 cxd3 15. Bxb4 Qb6 16. Qxb6 axb6 17. f4 dxe2 18. fxe5 Nxe4 19. exd6 Bxb2 20. Rb1 Bc3+ 21. Kxe2 Bxb4 22. Rxb4 Nxd6 23. Rxb6 Bxd5 24. Nf4 Bc4+ 25. Ke3 0-0 26. Ra1 Rfd8 27. a4 Nb5 28. Rc6 Nd6 29. a5 Bb5 30. Rc5 Nc4+ 31. Ke4 Ba6 32. Nd5 Bb7 33. a6 Bxd5+ 34. Rxd5 Rxd5 35. Kxd5 Nd6 36. c4 Rc8 37. c5 Ne8 38. a7 Nf6+ 39. Kc4 Nd7 40. Kb5 Rxc5+ 41. Ka6 Rc6+ 42. Kb7 Rd6 43. a8Q+ Kg7 44. Qe8 Nc5+ 45. Kc7 Kf6 46. Rf1+ Ke5 47. Qxe7+ Re6 48. Re1+ Ne4 49. Qxf7 1-0

[Event "BCF-ch U12 rapid"]
[Site "Hull"]
[Date "2024.07.27"]
[Round "7"]
[White "Liu, Jacob"]
[Black "Shankar, Yashwardhan"]
[Result "1-0"]
[WhiteElo "1699"]
[BlackElo "1773"]
[PlyCount "25"]
[EventDate "2024.07.26"]
[EventType "swiss (rapid)"]
[EventRounds "9"]
[EventCountry "ENG"]
[SourceTitle "CBM 221 Extra"]
[Source "ChessBase"]
[SourceDate "2024.09.30"]
[SourceVersion "1"]
[SourceVersionDate "2024.09.30"]
[SourceQuality "1"]

1. e4 c5 2. Nf3 d6 3. d4 cxd4 4. Nxd4 Nf6 5. Nc3 g6 6. f4 Bg7 7. e5 dxe5 8. fxe5 Ng4 9. Bb5+ Kf8 10. Ne6+ fxe6 11. Qxd8+ Kf7 12. Rf1+ Nf6 13. Qd4 1-0

[Event "BCF-ch U12 rapid"]
[Site "Hull"]
[Date "2024.07.26"]
[Round "5"]
[White "Liu, Jacob"]
[Black "Norris, Zack"]
[Result "1-0"]
[WhiteElo "1699"]
[BlackElo "1746"]
[PlyCount "155"]
[EventDate "2024.07.26"]
[EventType "swiss (rapid)"]
[EventRounds "9"]
[EventCountry "ENG"]
[SourceTitle "CBM 221 Extra"]
[Source "ChessBase"]
[SourceDate "2024.09.30"]
[SourceVersion "1"]
[SourceVersionDate "2024.09.30"]
[SourceQuality "1"]

1. e4 e5 2. Nf3 Nc6 3. Bc4 Bc5 4. c3 Nf6 5. d3 d6 6. h3 0-0 7. 0-0 h6 8. Re1 Re8 9. Bb3 a6 10. Nbd2 Ba7 11. Nf1 Nh5 12. Ng5 hxg5 13. Qxh5 Be6 14. Bxg5 Qd7 15. Ne3 Ne7 16. Bxe7 Qxe7 17. Bxe6 fxe6 18. Rad1 Rf8 19. d4 exd4 20. cxd4 Rf4 21. Qg6 Raf8 22. f3 c5 23. d5 R8f6 24. Qg3 c4 25. Kh1 Bxe3 26. Rxe3 e5 27. Rc3 b5 28. a4 Rf8 29. axb5 axb5 30. b3 Rc8 31. bxc4 Rxc4 32. Rxc4 bxc4 33. Rc1 Qc7 34. Qe1 Rf8 35. Qc3 Rc8 36. Kh2 Qb6 37. Kg3 Qd4 38. Qa3 Rc5 39. Qa8+ Kh7 40. Qf8 Qe3 41. Qf5+ Kh6 42. Kg4 g6 43. Qf8+ Kh7 44. Ra1 Rc8 45. Qf7+ Kh6 46. Qf6 Rc7 47. Ra8 Qf4+ 48. Qxf4+ exf4 49. Kxf4 c3 50. Ra1 Rb7 51. Rc1 Rb3 52. Ke3 Kg5 53. Kd3 c2+ 54. Kxc2 Re3 55. Kd2 Ra3 56. Rc2 Kf4 57. Ke2 Kg3 58. e5 dxe5 59. d6 Ra8 60. d7 Rd8 61. Rd2 Kf4 62. Kf2 g5 63. g4 e4 64. Rd4 Re8 65. Rxe4+ Rxe4 66. fxe4 Kxe4 67. d8Q Kf4 68. Qf6+ Ke4 69. Qf5+ Kd4 70. Qxg5 Ke4 71. Qf5+ Kd4 72. Kf3 Kc4 73. Ke4 Kc3 74. Qc5+ Kb3 75. Kd3 Ka4 76. Qb6 Ka3 77. Kc3 Ka2 78. Qb2# 1-0

[Event "BCF-ch U12 rapid"]
[Site "Hull"]
[Date "2024.07.26"]
[Round "6"]
[White "Talab, Rami"]
[Black "Liu, Jacob"]
[Result "1-0"]
[WhiteElo "1917"]
[BlackElo "1699"]
[PlyCount "115"]
[EventDate "2024.07.26"]
[EventType "swiss (rapid)"]
[EventRounds "9"]
[EventCountry "ENG"]
[SourceTitle "CBM 221 Extra"]
[Source "ChessBase"]
[SourceDate "2024.09.30"]
[SourceVersion "1"]
[SourceVersionDate "2024.09.30"]
[SourceQuality "1"]

1. d4 d5 2. Nf3 Nf6 3. g3 Bf5 4. Bg2 e6 5. 0-0 Be7 6. c4 c6 7. Nc3 Nbd7 8. Nh4 Bg4 9. h3 Bh5 10. g4 Bg6 11. Nxg6 hxg6 12. g5 Ne4 13. Nxe4 dxe4 14. Bxe4 Rxh3 15. Kg2 Rh5 16. f4 Qc7 17. Bf3 Rh8 18. Rh1 0-0-0 19. Be3 e5 20. Rxh8 Rxh8 21. dxe5 f6 22. exf6 gxf6 23. gxf6 Bxf6 24. Bg4 g5 25. Qxd7+ Qxd7 26. Bxd7+ Kxd7 27. fxg5 Rg8 28. Kf3 Bxg5 29. Bxg5 Rxg5 30. Rh1 Ra5 31. Rh7+ Kc8 32. a3 Ra4 33. Rh4 b5 34. Rh8+ Kc7 35. cxb5 cxb5 36. e4 a5 37. Kf4 b4 38. axb4 Rxb4 39. Rh2 Kd6 40. Kf5 Rb5+ 41. Kf6 Rb3 42. Rd2+ Kc7 43. e5 Rf3+ 44. Ke7 Rh3 45. Rc2+ Kb6 46. e6 Rh7+ 47. Kd8 Rh8+ 48. Kd7 Rh1 49. Rd2 Kb7 50. e7 Rh7 51. Kd8 Rxe7 52. Kxe7 Kb6 53. Kd6 Kb5 54. Rd4 Ka6 55. Kc6 Ka7 56. Rd8 a4 57. Re8 a3 58. bxa3 1-0

[Event "British Rapidplay"]
[Site "Peterborough"]
[Date "2024.03.03"]
[Round "8"]
[White "Mikalajunas, Kajus"]
[Black "Liu, Jacob"]
[Result "1-0"]
[WhiteElo "1940"]
[BlackElo "1691"]
[PlyCount "59"]
[EventDate "2024.03.02"]
[EventType "swiss (rapid)"]
[EventRounds "11"]
[EventCountry "ENG"]
[SourceTitle "CBM 219 Extra"]
[Source "ChessBase"]
[SourceDate "2024.05.31"]
[SourceVersion "1"]
[SourceVersionDate "2024.05.31"]
[SourceQuality "1"]

1. d4 d5 2. c4 c6 3. Nc3 Nf6 4. e3 e6 5. Nf3 Nbd7 6. Bd3 dxc4 7. Bxc4 b5 8. Bd3 a6 9. 0-0 c5 10. Qe2 Bb7 11. Rd1 Qb6 12. b3 Be7 13. Bb2 0-0 14. Rac1 Rfd8 15. Ne5 Nxe5 16. dxe5 Qc6 17. f3 Nd7 18. Be4 Qb6 19. f4 Bxe4 20. Nxe4 Nf8 21. Qh5 Rxd1+ 22. Rxd1 Rd8 23. Rf1 Qc6 24. Qf3 Qc7 25. f5 Qc8 26. f6 gxf6 27. exf6 Bd6 28. Nxd6 Qd7 29. Qf4 e5 30. Qg5+ 1-0

[Event "London Muswell Hill op"]
[Site "London"]
[Date "2023.10.24"]
[Round "9"]
[White "Leung, Hao Ran"]
[Black "Liu, Jacob"]
[Result "1/2-1/2"]
[WhiteElo "1677"]
[BlackElo "1565"]
[PlyCount "129"]
[EventDate "2023.08.29"]
[EventType "swiss"]
[EventRounds "14"]
[EventCountry "ENG"]
[SourceTitle "EXT 2025"]
[Source "ChessBase"]
[SourceDate "2024.10.14"]
[SourceVersion "1"]
[SourceVersionDate "2024.10.14"]
[SourceQuality "1"]

1. f4 d5 2. Nf3 Nf6 3. e3 Bg4 4. b3 e6 5. Bb2 Bd6 6. Be2 Nbd7 7. a3 0-0 8. 0-0 Qe7 9. c4 c6 10. Ne5 Bxe2 11. Qxe2 Ne8 12. e4 Nc5 13. Ng4 Nxe4 14. Nh6+ Kh8 15. b4 N4f6 16. c5 Bc7 17. Nf5 Qd8 18. Nd4 Qd7 19. g3 Rd8 20. d3 Ng8 21. Nd2 Nef6 22. g4 e5 23. fxe5 Qxg4+ 24. Qxg4 Nxg4 25. N4f3 Rde8 26. Rae1 Ne7 27. Ng5 Kg8 28. Rf4 h5 29. d4 Ng6 30. Rff1 f6 31. Ngf3 fxe5 32. dxe5 N4xe5 33. Nxe5 Rxf1+ 34. Kxf1 Nxe5 35. Kg2 Kf7 36. Rf1+ Ke6 37. Re1 Kd7 38. Nb3 Nd3 39. Rxe8 Kxe8 40. Bxg7 Kf7 41. Bc3 Be5 42. Bxe5 Nxe5 43. Kg3 Nc4 44. a4 Nb2 45. Na5 Nxa4 46. Nxb7 d4 47. Nd8+ Kf6 48. Nxc6 d3 49. Kf3 a6 50. Ke3 Nb2 51. Nb8 a5 52. c6 a4 53. c7 d2 54. Kxd2 Nc4+ 55. Kc3 Nd6 56. Nd7+ Kg5 57. Nb6 Nb5+ 58. Kc4 Nxc7 59. Nxa4 Kg4 60. b5 Nxb5 61. Kxb5 Kh3 62. Kc4 Kxh2 63. Kd3 Kg3 64. Ke3 h4 65. Nc3 1/2-1/2

[Event "London Muswell Hill op"]
[Site "London"]
[Date "2023.10.17"]
[Round "7"]
[White "Lebedev, Lion"]
[Black "Liu, Jacob"]
[Result "0-1"]
[WhiteElo "1610"]
[BlackElo "1565"]
[PlyCount "70"]
[EventDate "2023.08.29"]
[EventType "swiss"]
[EventRounds "14"]
[EventCountry "ENG"]
[SourceTitle "EXT 2025"]
[Source "ChessBase"]
[SourceDate "2024.10.14"]
[SourceVersion "1"]
[SourceVersionDate "2024.10.14"]
[SourceQuality "1"]

1. d4 d5 2. c4 c6 3. Nf3 Nf6 4. Nc3 e6 5. e3 Nbd7 6. Be2 dxc4 7. Bxc4 b5 8. Bb3 a6 9. Bc2 Bb7 10. 0-0 c5 11. Re1 Be7 12. e4 0-0 13. d5 exd5 14. exd5 Nb6 15. Bg5 h6 16. Bxf6 Bxf6 17. Qd3 g6 18. Qe3 Kh7 19. Rad1 Nc4 20. Qf4 Nxb2 21. Ne4 Bg7 22. Rb1 Qxd5 23. Nf6+ Bxf6 24. Qxf6 Nd3 25. Re7 c4 26. Nh4 Kg8 27. Bxd3 cxd3 28. f3 Qg5 29. Qxg5 hxg5 30. Nxg6 fxg6 31. Rxb7 d2 32. Rd7 Rfd8 33. Rxd8+ Rxd8 34. Rd1 Kf7 35. Kf2 Ke6 0-1

[Event "Daventry 4NCL Easter op-C 2nd"]
[Site "Daventry"]
[Date "2022.04.15"]
[Round "1"]
[White "Liu, Jacob"]
[Black "Constable, John"]
[Result "0-1"]
[WhiteElo "1415"]
[BlackElo "1595"]
[PlyCount "56"]
[EventDate "2022.04.15"]
[EventType "swiss"]
[EventRounds "7"]
[EventCountry "ENG"]
[SourceTitle "CBM 207 Extra"]
[Source "ChessBase"]
[SourceDate "2022.05.31"]
[SourceVersion "1"]
[SourceVersionDate "2022.05.31"]
[SourceQuality "1"]

1. e4 g6 2. d4 Bg7 3. Nf3 d6 4. Bc4 Nf6 5. Qe2 Bg4 6. c3 0-0 7. 0-0 Nc6 8. Bf4 e5 9. dxe5 dxe5 10. Bg3 Qe7 11. Nbd2 Bh6 12. h3 Bxd2 13. hxg4 Bf4 14. Bxf4 exf4 15. Nd2 Ne5 16. Bd5 c6 17. Bc4 Nexg4 18. f3 Ne5 19. Rad1 Nh5 20. Rfe1 Ng3 21. Qf2 Qh4 22. Qd4 Nxc4 23. Nxc4 Rfd8 24. Qe5 Rxd1 25. Rxd1 Qh1+ 26. Kf2 Qxd1 27. Qxf4 Nh1+ 28. Ke3 Rd8 0-1

[Event "ENG-ch U10"]
[Site "Milton Keynes"]
[Date "2021.10.02"]
[Round "2"]
[White "Liu, Jacob"]
[Black "Rida, Ruqayyah"]
[Result "1-0"]
[WhiteElo "1355"]
[BlackElo "1261"]
[PlyCount "91"]
[EventDate "2021.10.02"]
[EventType "swiss"]
[EventRounds "7"]
[EventCountry "ENG"]
[SourceTitle "EXT 2023"]
[Source "ChessBase"]
[SourceDate "2022.10.05"]
[SourceVersion "1"]
[SourceVersionDate "2022.10.05"]
[SourceQuality "1"]

1. e4 e5 2. Nf3 Nc6 3. Bc4 Bc5 4. c3 Nf6 5. d3 h6 6. Be3 Bb6 7. 0-0 0-0 8. Nbd2 d6 9. b4 a6 10. Bxb6 cxb6 11. Re1 Be6 12. h3 Rc8 13. a3 Ne7 14. Bxe6 fxe6 15. Qb3 Qd7 16. Nc4 Qc7 17. Nxb6 Qxb6 18. Qxe6+ Rf7 19. Nxe5 Rcf8 20. Nxf7 Rxf7 21. d4 Nh5 22. e5 Nf4 23. Qxd6 Qxd6 24. exd6 Nf5 25. Re8+ Kh7 26. d7 Rxd7 27. Rf8 Kg6 28. g4 Nxd4 29. cxd4 Rxd4 30. Kh2 Ne6 31. Re8 Ng5 32. Re3 Rf4 33. Kg3 Rd4 34. f3 Kf6 35. h4 Ne6 36. Rae1 Nc7 37. Re4 Rd3 38. R1e3 Rd1 39. Rf4+ Kg6 40. h5+ Kh7 41. Re2 Rd3 42. a4 Rd7 43. Rfe4 Rd6 44. Re7 Rc6 45. R2e5 Kg8 46. Rc5 1-0